000 00302nam a2200121Ia 4500
008 190216s9999||||xx |||||||||||||| ||und||
100 _aMithal G K And Ravi Mithal
245 0 _aElectronic Devices And Circuits
260 _bKhanna Publishers
_c2001
300 _a832
650 _aPhysics
942 _cBK
999 _c33618
_d33618